Mi Quito tiene un sol grande. Entrevistas al Alcalde Paz y a su equipo de trabajo
Salvato in:
| Ente Autore: | |
|---|---|
| Natura: | testo |
| Pubblicazione: |
Quito:
Fundación Ecuatoriana de Estudios Sociales
|
| Tags: |
Aggiungi Tag
Nessun Tag, puoi essere il primo ad aggiungerne!!
|
MARC
| LEADER | 00000 a a2200000 04500 | ||
|---|---|---|---|
| 001 | 24439 | ||
| 003 | |||
| 040 | |||
| 020 | |a 9978-963-55-3 | ||
| 090 | |a 166800 | ||
| 110 | |a Fundación Ecuatoriana de Estudios Sociales | ||
| 245 | |a Mi Quito tiene un sol grande. Entrevistas al Alcalde Paz y a su equipo de trabajo | ||
| 260 | |a Quito: |b Fundación Ecuatoriana de Estudios Sociales | ||
| 300 | |a 195 p. |b il. | ||
| 999 | |c 12988 |d 12988 | ||



